IPL Quiz(updated) - Statistics

General Stats
  • This quiz has been taken 270 times
  • The average score is 5 of 15
Answer Stats
Hint Answer % Correct
Highest runs scored by an individual batsemen 175
85%
Run scorer of the above Chris Gayle
79%
Highest score in IPL 263
67%
The only banned team to have won an IPL Deccan Chargers
55%
Which team in Ipl has won the most IPL titles Mumbai Indians
52%
Who was the captain of The RCB(Royal Challengers Bangalore) in 2008 and 2009 Anil Kumble
33%
which famous batsmen took the so called "Spider man catch" Ab Devilliers
28%
run scorer of the above Kl Rahul
19%
what was the name of the ipl played from 2013 to 2015 Pepsi IPL
18%
Highest runs scored by an indian batsmen and captain 132
16%
First person to score a century in the IPL Manish pandey
12%
Who is the only player in Ipl to have stayed in the same team since he was chosen in 2008 Virat Kholi
9%
Which 3 years has IPL been hosted outside India 2009, 2014 and 2020
8%
Which owner of an IPL team was put to jail in 2017( Name of owner and team he owns) Vijay Malya, RCB
2%
Which stadium has the highest run average for first innings in the IPL(Name, city and average in numbers) Chinnaswamy stadium, Bangalore, 183
0%
No matching quizzes found
Score Distribution
Percent of People with Each Score
Percentile by Number Answered
Your Score History
You have not taken this quiz